000 00548nam a2200157 4500
008 161116b xxu||||| |||| 00| 0 eng d
082 _aDPer 338.05 En86 Apr-Jul 2015 v. 15, n. 158-161
100 _917471
_aVizcarra, Victoria
245 _aChosen few:
_bwhen do you trim the fat from your product mix/
_cVictoria Vizcarra.
260 _aPhilippines:
_bSummit Media,
_cApr-Jul 2015.
300 _av15 n158, page 31:
_billustrations,
_c28 cm.
500 _aEntrepreneur.
650 0 _917473
_aMarketing
_xProducts
942 _2ddc
_cPER
999 _c5698
_d5698